| 000 | 00513nam a2200193Ia 4500 | ||
|---|---|---|---|
| 005 | 20250326144751.0 | ||
| 008 | 250326s9999 xx 000 0 und d | ||
| 020 | _a0-324-16185-9 | ||
| 037 | _aTextbook | ||
| 040 |
_aFMSL _beng _cFMSL |
||
| 041 |
_aeng _2eng |
||
| 084 |
_aX:74m.1 P3 _qFMSL |
||
| 100 |
_aWolfe Joseph _9750077 |
||
| 245 | 0 |
_aGlobe Business Game _cWolfe Joseph |
|
| 260 |
_aU.K. _bU.K., Thomson _c2003 |
||
| 300 | _a161p | ||
| 942 |
_cTB _hX:74m.1 P3 |
||
| 999 |
_c1304956 _d1304956 |
||